| 000 | 00543nam a22001457a 4500 | ||
|---|---|---|---|
| 008 | 100729t xxu||||| |||| 00| 0 eng d | ||
| 082 |
_222 _a184 _bأ ف ل |
||
| 100 |
_916358 _aأفلاطون |
||
| 245 |
_aجمهورية أفلاطون / _cأفلاطون؛ نقلها إلى العربية حنا خباز |
||
| 260 |
_aبيروت: _bدار التراث ، 1969 _c1969 |
||
| 300 |
_a327 ص؛ _c25 سم. |
||
| 650 |
_915855 _aالفلسفة الغربية القديمة |
||
| 650 |
_915854 _aالفلسفة اليونانية |
||
| 942 |
_2ddc _cBB |
||
| 999 |
_c14579 _d14579 |
||